Vista normal
Vista MARC
Entrada Nombre de reunión
Número de registros utilizados en: 2
001 - NÚMERO DE CONTROL
- campo de control: 80948
003 - IDENTIFICADOR DEL NÚMERO DE CONTROL
- campo de control: DO-SdBNP
005 - FECHA Y HORA DE LA ÚLTIMA TRANSACCIÓN
- campo de control: 20220117112519.0
008 - DATOS DE LONGITUD FIJA
- campo de control de longitud fija: 220117|| aca||aabn | a|a d
040 ## - FUENTE DE LA CATALOGACIÓN
- Centro catalogador/agencia de origen: DO-SdBNP
- Centro/agencia transcriptor: DO-SdBNP
111 ## - ENCABEZAMIENTO--NOMBRE DE CONGRESO/REUNIÓN
- Nombre de congreso/reunión o jurisdicción como elemento de entrada: Asamblea general ordinaria
- Sede del congreso/Lugar de la reunión: (San Pedro de Macorís: República Dominicana
- Fecha del congreso/reunión: 2021)
670 ## - FUENTE DE DATOS ENCONTRADOS
- Cita de la fuente: Work cat.: (DO-SdBNP): 57630 Asamblean general de delegados (L: 2021: Juan Dolio, San Pedro de Macorís: República Dominicana) , L asamblea general ordinaria de delegados :, 2020
